000 00380 a2200157 4500
001 62949
020 _a9788585819095
040 _cAnchieta - Pituba
100 _aVasconcellos, Celso dos S.
240 1 0 _aCoordenação do trabalho pedagógico
_lpor
245 1 0 _aCoordenação do trabalho pedagógico
300 _a213
362 0 _a2013
650 4 _aEducação
942 _cBK
999 _c62949
_d62949